[Event "GER-chT Lands U21"]
[Site "Xanten"]
[Date "2011.11.02"]
[Round "5.2"]
[White "Wendling, Hannes"]
[Black "Wenninger, Philipp"]
[Result "0-1"]
[WhiteElo "2078"]
[BlackElo "2145"]
[PlyCount "24"]
[EventDate "2011.10.31"]
[EventType "team-swiss"]
[EventRounds "7"]
[EventCountry "GER"]
[SourceTitle "EXT 2022"]
[Source "ChessBase"]
[SourceDate "2021.10.06"]
[SourceVersion "1"]
[SourceVersionDate "2021.10.06"]
[SourceQuality "1"]
[WhiteTeam "Thueringen U21"]
[BlackTeam "Wuerttemberg U21"]
[WhiteTeamCountry "GER"]
[BlackTeamCountry "GER"]

1. e4 c6 2. Ne2 g6 3. d4 Bg7 4. c4 d6 5. Nbc3 Nd7 6. g3 Rb8 7. a4 e5 8. Bg2 exd4 9. Nxd4 Ne5 10. b3 Bg4 11. Qd2 Qf6 12. h3 Nf3+ 0-1

[Event "GER-chT Lands U21"]
[Site "Xanten"]
[Date "2011.11.01"]
[Round "4.2"]
[White "Schreiber, Kevin"]
[Black "Wendling, Hannes"]
[Result "1-0"]
[WhiteElo "1901"]
[BlackElo "2078"]
[PlyCount "103"]
[EventDate "2011.10.31"]
[EventType "team-swiss"]
[EventRounds "7"]
[EventCountry "GER"]
[SourceTitle "EXT 2022"]
[Source "ChessBase"]
[SourceDate "2021.10.06"]
[SourceVersion "1"]
[SourceVersionDate "2021.10.06"]
[SourceQuality "1"]
[WhiteTeam "Mecklenburg-Vorpommern U21"]
[BlackTeam "Thueringen U21"]
[WhiteTeamCountry "GER"]
[BlackTeamCountry "GER"]

1. d4 d5 2. Nf3 Nf6 3. c4 e6 4. Nc3 Nbd7 5. e3 Be7 6. b3 0-0 7. Bd3 dxc4 8. bxc4 c5 9. 0-0 cxd4 10. exd4 b6 11. Bb2 Bb7 12. Qe2 Qc7 13. Rad1 Qf4 14. d5 Nc5 15. Bc1 Qg4 16. Bb1 Nfd7 17. Bxh7+ Kh8 18. Bb1 Bf6 19. Ne4 exd5 20. Nxf6 Nxf6 21. Rd4 Rfe8 22. Qb2 Nce4 23. Ne1 Qe6 24. cxd5 Bxd5 25. Nd3 Bb7 26. f3 Nd6 27. Re1 Qd7 28. Ne5 Qc7 29. Rxd6 Qc5+ 30. Qd4 Rxe5 31. Rxe5 Qxc1+ 32. Qd1 Qxd1+ 33. Rxd1 Kg8 34. Re7 Bd5 35. Be4 Nxe4 36. Rxd5 Nc5 37. g4 Kf8 38. Rc7 Ne6 39. Rc4 Ke7 40. a4 Rd8 41. Rxd8 Kxd8 42. h4 Kd7 43. f4 Nc5 44. h5 Ke6 45. Rxc5 bxc5 46. Kf2 Kd5 47. Ke3 c4 48. g5 Ke6 49. Kd4 c3 50. f5+ Kd6 51. Kd3 Ke5 52. f6 1-0

[Event "GER-chT Lands U21"]
[Site "Xanten"]
[Date "2011.10.31"]
[Round "2.2"]
[White "Wendling, Hannes"]
[Black "Stanau, Guido"]
[Result "1/2-1/2"]
[WhiteElo "2078"]
[BlackElo "2081"]
[PlyCount "62"]
[EventDate "2011.10.31"]
[EventType "team-swiss"]
[EventRounds "7"]
[EventCountry "GER"]
[SourceTitle "EXT 2022"]
[Source "ChessBase"]
[SourceDate "2021.10.06"]
[SourceVersion "1"]
[SourceVersionDate "2021.10.06"]
[SourceQuality "1"]
[WhiteTeam "Thueringen U21"]
[BlackTeam "Hamburg U21"]
[WhiteTeamCountry "GER"]
[BlackTeamCountry "GER"]

1. e4 e6 2. d4 d5 3. Nc3 Bb4 4. e5 c5 5. a3 Bxc3+ 6. bxc3 Ne7 7. Qg4 Qc7 8. Bd3 cxd4 9. Ne2 Nbc6 10. cxd4 Bd7 11. Bd2 0-0-0 12. Qxg7 Rhg8 13. Qf6 Nf5 14. c3 Na5 15. Bxf5 exf5 16. Nf4 Qc4 17. Qd6 Bb5 18. Qb4 Nc6 19. Qxc4 Bxc4 20. g3 Rde8 21. Nh5 Rg6 22. Be3 Na5 23. Nf6 Rxf6 24. exf6 Re6 25. Rb1 Bd3 26. Rb4 Nc4 27. a4 Be4 28. Rg1 Bf3 29. Rxc4+ dxc4 30. Kd2 Rxf6 31. Rb1 Rb6 1/2-1/2

[Event "Oberliga Ost-B 0910"]
[Site "Germany"]
[Date "2010.02.28"]
[Round "8.3"]
[White "Wohlfart, Paulus"]
[Black "Wendling, Hannes"]
[Result "1-0"]
[WhiteElo "2227"]
[BlackElo "2198"]
[PlyCount "103"]
[EventDate "2009.10.18"]
[EventType "team-tourn"]
[EventRounds "11"]
[EventCountry "GER"]
[SourceTitle "EXT 2011"]
[Source "ChessBase"]
[SourceDate "2010.11.26"]
[SourceVersion "1"]
[SourceVersionDate "2010.11.26"]
[SourceQuality "1"]
[WhiteTeam "Moerlenbach"]
[BlackTeam "Erfurt Empor"]
[WhiteTeamCountry "GER"]
[BlackTeamCountry "GER"]

1. d4 d5 2. c4 e6 3. Nc3 Nf6 4. cxd5 exd5 5. Bg5 Nbd7 6. e3 Bb4 7. Bd3 c5 8. Nf3 Qa5 9. Qc2 c4 10. Bf5 0-0 11. 0-0 Re8 12. Nd2 g6 13. Bh3 Bxc3 14. Qxc3 Qxc3 15. bxc3 Ne4 16. Nxe4 dxe4 17. Rfb1 f5 18. g4 fxg4 19. Bxg4 Ne5 20. dxe5 Bxg4 21. Rxb7 Rxe5 22. Bf6 Rh5 23. Rab1 Bc8 24. Rb8 Rxb8 25. Rxb8 Rc5 26. Bd4 Rc6 27. Bxa7 Kf7 28. Kg2 h5 29. h3 Bf5 30. Bd4 Ra6 31. Rb7+ Ke8 32. Ra7 Rxa7 33. Bxa7 Bd7 34. Kg3 Ke7 35. h4 Ke6 36. Kf4 Bc6 37. Bd4 Bd5 38. a4 Bc6 39. a5 Bb7 40. Bb6 Ba8 41. a6 Kf6 42. Bd4+ Ke6 43. a7 Bb7 44. f3 exf3 45. e4 Ba8 46. Kxf3 Bb7 47. Kf4 Ba8 48. Bb6 Bb7 49. Ke3 Ke5 50. Bc7+ Ke6 51. Bf4 Ba8 52. Kd4 1-0

[Event "Oberliga Ost-B 0910"]
[Site "Germany"]
[Date "2010.01.24"]
[Round "7.3"]
[White "Wendling, Hannes"]
[Black "Hoegy, Kevin"]
[Result "1/2-1/2"]
[WhiteElo "2198"]
[BlackElo "2167"]
[PlyCount "37"]
[EventDate "2009.10.18"]
[EventType "team-tourn"]
[EventRounds "11"]
[EventCountry "GER"]
[SourceTitle "EXT 2011"]
[Source "ChessBase"]
[SourceDate "2010.11.26"]
[SourceVersion "1"]
[SourceVersionDate "2010.11.26"]
[SourceQuality "1"]
[WhiteTeam "Erfurt Empor"]
[BlackTeam "Neuberg"]
[WhiteTeamCountry "GER"]
[BlackTeamCountry "GER"]

1. e4 e5 2. Bc4 Nf6 3. d3 Bc5 4. Nf3 0-0 5. Bg5 d6 6. c3 Be6 7. Nbd2 Bxc4 8. Nxc4 Re8 9. b4 Bb6 10. 0-0 c6 11. Nxb6 axb6 12. Re1 Nbd7 13. Qb3 Nf8 14. Rad1 h6 15. Bc1 Ng6 16. Qc2 d5 17. exd5 Nxd5 18. a3 Qf6 19. d4 1/2-1/2

[Event "Oberliga Ost-B 0910"]
[Site "Germany"]
[Date "2009.11.29"]
[Round "4.3"]
[White "Wendel, Stephan"]
[Black "Wendling, Hannes"]
[Result "1-0"]
[WhiteElo "2250"]
[BlackElo "2198"]
[PlyCount "65"]
[EventDate "2009.10.18"]
[EventType "team-tourn"]
[EventRounds "11"]
[EventCountry "GER"]
[SourceTitle "EXT 2011"]
[Source "ChessBase"]
[SourceDate "2010.11.26"]
[SourceVersion "1"]
[SourceVersionDate "2010.11.26"]
[SourceQuality "1"]
[WhiteTeam "Frankfurt BvK"]
[BlackTeam "Erfurt Empor"]
[WhiteTeamCountry "GER"]
[BlackTeamCountry "GER"]

1. e4 c5 2. Nf3 d6 3. d4 cxd4 4. Nxd4 Nf6 5. Nc3 a6 6. Bg5 e6 7. f4 h6 8. Bh4 Be7 9. Qf3 Qc7 10. 0-0-0 Nbd7 11. Be2 g5 12. fxg5 Ne5 13. Qf2 Nfg4 14. Bxg4 Nxg4 15. Qd2 Qa5 16. Nf3 Ne5 17. g6 Bxh4 18. Nxh4 fxg6 19. Qxd6 Nf7 20. Qd2 Qh5 21. Qf2 0-0 22. Rhf1 Qg5+ 23. Kb1 Kg7 24. Nf3 Qe7 25. Qb6 a5 26. Qd4+ Kh7 27. Ne5 Ra6 28. Nxf7 Rxf7 29. Rxf7+ Qxf7 30. e5 Rc6 31. Ne4 Qc7 32. Nf6+ Kh8 33. Qh4 1-0

[Event "GER-chT DLM U20"]
[Site "Wismar"]
[Date "2009.10.03"]
[Round "6"]
[White "Wendling, Hannes"]
[Black "Rafayevych, Vilen"]
[Result "1/2-1/2"]
[WhiteElo "2193"]
[BlackElo "2042"]
[PlyCount "192"]
[EventDate "2009.09.30"]
[EventType "team-swiss"]
[EventRounds "7"]
[EventCountry "GER"]
[SourceTitle "CBM 132 Extra"]
[Source "ChessBase"]
[SourceDate "2009.11.03"]
[SourceVersion "1"]
[SourceVersionDate "2009.11.03"]
[SourceQuality "1"]
[WhiteTeam "Thueringen U20"]
[BlackTeam "Sachsen Anhalt U20"]
[WhiteTeamCountry "GER"]
[BlackTeamCountry "GER"]

1. e4 c5 2. Nf3 e6 3. d4 cxd4 4. Nxd4 Nc6 5. Nc3 Qc7 6. Be2 a6 7. a3 Nf6 8. Be3 Bd6 9. Qd2 Be5 10. g4 Nxd4 11. Bxd4 Bf4 12. Qd3 b5 13. h4 h6 14. Rg1 Bb7 15. g5 hxg5 16. hxg5 Nh7 17. g6 fxg6 18. Rxg6 Ng5 19. Rxg7 0-0-0 20. Be3 Rh1+ 21. Bf1 Bxe3 22. Qxe3 Qc4 23. 0-0-0 Rxf1 24. Rxg5 Rxd1+ 25. Kxd1 d5 26. exd5 exd5 27. Qd3 Qh4 28. Qf5+ Kb8 29. Kc1 d4 30. Ne2 Ka8 31. Rg1 Qe7 32. Qg5 Qc7 33. Qg3 Qc4 34. Qd3 Qc7 35. f4 Re8 36. Nxd4 Qxf4+ 37. Qd2 Qe4 38. Nb3 Qe5 39. Qd4 Qxd4 40. Nxd4 Ka7 41. Rg6 Re4 42. Rd6 Rh4 43. Nb3 Bf3 44. Kd2 Rc4 45. Nd4 Be4 46. c3 Rc7 47. Ne6 Rc8 48. Ke3 Bb7 49. Kd4 Rc4+ 50. Kd3 Be4+ 51. Ke3 Bb7 52. Nd4 Rc7 53. Nb3 Bg2 54. Na5 Bh1 55. Kd4 Rh7 56. Nb3 Rh4+ 57. Ke3 Rc4 58. Rh6 Bg2 59. Nd4 Rc7 60. Kd2 Be4 61. b4 Bd5 62. Rd6 Bc4 63. Nc6+ Kb7 64. Na5+ Ka7 65. Ke3 Bg8 66. Kd4 Bc4 67. a4 Bg8 68. Nc6+ Kb7 69. axb5 axb5 70. Ne5 Bb3 71. Rd7 Rxd7+ 72. Nxd7 Kc6 73. Nc5 Bf7 74. Ke5 Bc4 75. Ne4 Bf7 76. Nd2 Bd5 77. Nf1 Bf7 78. Ne3 Bb3 79. Nf5 Bc4 80. Nd4+ Kc7 81. Nc2 Kc6 82. Ne3 Bb3 83. Nf5 Bc4 84. Ng7 Bb3 85. Ne6 Bc4 86. Nf8 Bb3 87. Ng6 Bc4 88. Ke4 Bb3 89. Ne7+ Kd6 90. Nf5+ Kc6 91. Ke5 Bc4 92. Nd4+ Kc7 93. Nxb5+ Bxb5 94. Kd5 Kb6 95. c4 Bxc4+ 96. Kxc4 Kc6 1/2-1/2

[Event "GER-chT DLM U20"]
[Site "Wismar"]
[Date "2009.09.30"]
[Round "2"]
[White "Kesten, Sebastian"]
[Black "Wendling, Hannes"]
[Result "1/2-1/2"]
[WhiteElo "2130"]
[BlackElo "2193"]
[PlyCount "173"]
[EventDate "2009.09.30"]
[EventType "team-swiss"]
[EventRounds "7"]
[EventCountry "GER"]
[SourceTitle "CBM 132 Extra"]
[Source "ChessBase"]
[SourceDate "2009.11.03"]
[SourceVersion "1"]
[SourceVersionDate "2009.11.03"]
[SourceQuality "1"]
[WhiteTeam "Mecklenburg-Vorpommern U20"]
[BlackTeam "Thueringen U20"]
[WhiteTeamCountry "GER"]
[BlackTeamCountry "GER"]

1. d4 d5 2. c4 c6 3. cxd5 cxd5 4. Nc3 Nf6 5. Bf4 Nc6 6. e3 Bf5 7. Qb3 Qb6 8. Qxb6 axb6 9. Nb5 Rc8 10. Rc1 Kd7 11. Be2 e6 12. a3 Ne4 13. Nf3 f6 14. 0-0 g5 15. Bg3 h5 16. h3 Bh6 17. Bc7 g4 18. Nh4 Rxc7 19. Nxc7 Kxc7 20. Nxf5 exf5 21. Rc2 g3 22. f4 h4 23. b4 Kd7 24. Rfc1 Rc8 25. b5 Na7 26. a4 Bf8 27. Bh5 Bb4 28. Bg6 Nd6 29. Rxc8 Naxc8 30. Rc2 Ne7 31. Bh5 Ne4 32. Kf1 Nc3 33. Be2 Ba5 34. Bd3 Nxa4 35. Ke2 Nc3+ 36. Kf3 Ke6 37. Rb2 Nc8 38. Rc2 Nd6 39. Rb2 Nc4 40. Rc2 Bb4 41. Bf1 Ne4 42. Bd3 Ned6 43. Ke2 Ba5 44. Kf3 Bd2 45. Ra2 Kf7 46. Bxc4 Nxc4 47. Ra7 Bxe3 48. Rxb7+ Kg6 49. Rd7 Bxd4 50. Rxd5 Bc5 51. Rd8 Nd6 52. Rh8 Nxb5 53. Rxh4 Bf2 54. Ke2 Kg7 55. Kd3 Nd6 56. Rh5 b5 57. Kc3 Be1+ 58. Kb3 b4 59. Ka4 Bc3 60. Rh4 Ne4 61. Kb3 Nd2+ 62. Kc2 Nf1 63. Kd3 Bd2 64. Rh5 b3 65. Rxf5 b2 66. Rb5 Bc1 67. Ke2 Nd2 68. Rxb2 Bxb2 69. Kxd2 Bd4 70. Kd3 Bf2 71. Ke4 Kg6 72. Kf3 Kf5 73. h4 Kg6 74. Kg4 f5+ 75. Kh3 Kf6 76. h5 Ke6 77. Kh4 Kd5 78. h6 Ke4 79. h7 Bd4 80. Kxg3 Bf6 81. Kh2 Kxf4 82. Kh3 Bg7 83. Kh4 Bh8 84. g3+ Ke4 85. Kg5 Ke5 86. Kg6 Bf6 87. Kf7 1/2-1/2

[Event "SUI-ch"]
[Site "Graechen"]
[Date "2009.07.11"]
[Round "3"]
[White "Kelecevic, Nedeljko"]
[Black "Wendling, Hannes"]
[Result "1/2-1/2"]
[WhiteElo "2320"]
[BlackElo "2198"]
[PlyCount "48"]
[EventDate "2009.07.09"]
[EventType "swiss"]
[EventRounds "9"]
[EventCountry "SUI"]
[SourceTitle "CBM 131 Extra"]
[Source "ChessBase"]
[SourceDate "2009.09.03"]
[SourceVersion "2"]
[SourceVersionDate "2009.09.16"]
[SourceQuality "1"]

1. d4 d5 2. Nf3 Nf6 3. c4 e6 4. Nc3 Nbd7 5. Bg5 Bb4 6. cxd5 exd5 7. e3 c5 8. Bd3 Qa5 9. Qc2 c4 10. Bf5 0-0 11. 0-0 Re8 12. Nd2 Bxc3 13. Qxc3 Qxc3 14. bxc3 g6 15. Bc2 Kg7 16. a4 h6 17. Bf4 b6 18. Rfb1 Ba6 19. Re1 Nh5 20. Bg3 f5 21. f3 Nxg3 22. hxg3 Nf6 23. Kf2 Re7 24. Reb1 Rae8 1/2-1/2

[Event "GER-ch U18"]
[Site "Willingen"]
[Date "2009.06.05"]
[Round "8"]
[White "Wendling, Hannes"]
[Black "Kachibadze, Georg"]
[Result "1-0"]
[WhiteElo "2132"]
[BlackElo "2171"]
[PlyCount "77"]
[EventDate "2009.05.30"]
[EventType "swiss"]
[EventRounds "9"]
[EventCountry "GER"]
[SourceTitle "CBM 130 Extra"]
[Source "ChessBase"]
[SourceDate "2009.07.02"]
[SourceVersion "2"]
[SourceVersionDate "2009.07.15"]
[SourceQuality "1"]

1. e4 c5 2. Nf3 Nc6 3. d4 cxd4 4. Nxd4 Nf6 5. Nc3 g6 6. Nxc6 bxc6 7. e5 Ng8 8. Bc4 Bg7 9. Bf4 Qa5 10. 0-0 e6 11. Re1 Ne7 12. Ne4 0-0 13. Nf6+ Bxf6 14. exf6 Nd5 15. Bxd5 Qxd5 16. Qg4 Qf5 17. Qh4 Qh5 18. Qg3 Qf5 19. Bg5 Kh8 20. Qh4 h5 21. h3 Rb8 22. Re2 Rb5 23. f4 Kh7 24. b3 Qc5+ 25. Kh2 Qc3 26. Rae1 Ba6 27. Re5 Qxc2 28. f5 Rxe5 29. Rxe5 d6 30. Be3 Bf1 31. fxg6+ Kg8 32. gxf7+ Kxf7 33. Rg5 Qe2 34. Rg7+ Ke8 35. Re7+ Kd8 36. Qg3 Qxg2+ 37. Qxg2 Bxg2 38. Rxa7 c5 39. Kxg2 1-0

[Event "GER-ch U18"]
[Site "Willingen"]
[Date "2009.06.03"]
[Round "6"]
[White "Wendling, Hannes"]
[Black "Strunski, Andreas"]
[Result "0-1"]
[WhiteElo "2132"]
[BlackElo "2329"]
[PlyCount "92"]
[EventDate "2009.05.30"]
[EventType "swiss"]
[EventRounds "9"]
[EventCountry "GER"]
[SourceTitle "CBM 130 Extra"]
[Source "ChessBase"]
[SourceDate "2009.07.02"]
[SourceVersion "2"]
[SourceVersionDate "2009.07.15"]
[SourceQuality "1"]

1. e4 e6 2. d4 d5 3. Nc3 Nf6 4. Bg5 dxe4 5. Nxe4 Be7 6. Bxf6 gxf6 7. Qd3 f5 8. Nd2 c5 9. Nb3 cxd4 10. Qxd4 Qxd4 11. Nxd4 a6 12. 0-0-0 b5 13. Be2 Ra7 14. Ngf3 Rc7 15. Kb1 Bb7 16. Rc1 0-0 17. c4 Rfc8 18. Nd2 Bg5 19. N4b3 a5 20. Rhf1 a4 21. f4 axb3 22. fxg5 bxa2+ 23. Kxa2 Bxg2 24. Rg1 Bd5 25. b3 Na6 26. Kb2 bxc4 27. Nxc4 Nc5 28. Nd2 Rb8 29. Bc4 Rd8 30. Rc2 Bxc4 31. Nxc4 Rb7 32. Rg3 Rb5 33. Na3 Ra5 34. b4 Rb8 35. b5 Na4+ 36. Kb3 Nb6 37. h4 Ra4 38. h5 Rba8 39. Kb2 Rb4+ 40. Kc1 Kg7 41. Rc7 f4 42. Rf3 Nd5 43. Rc5 Rb8 44. Kc2 h6 45. gxh6+ Kxh6 46. Rh3 Rg8 0-1

[Event "GER-ch U18"]
[Site "Willingen"]
[Date "2009.05.31"]
[Round "2"]
[White "Savchenko, Aleksij"]
[Black "Wendling, Hannes"]
[Result "1/2-1/2"]
[WhiteElo "2239"]
[BlackElo "2132"]
[PlyCount "97"]
[EventDate "2009.05.30"]
[EventType "swiss"]
[EventRounds "9"]
[EventCountry "GER"]
[SourceTitle "CBM 130 Extra"]
[Source "ChessBase"]
[SourceDate "2009.07.02"]
[SourceVersion "2"]
[SourceVersionDate "2009.07.15"]
[SourceQuality "1"]

1. d4 e6 2. Nf3 d5 3. e3 c5 4. Be2 Nc6 5. 0-0 Nf6 6. dxc5 Bxc5 7. a3 0-0 8. c4 a6 9. b4 Be7 10. Bb2 dxc4 11. Bxc4 b5 12. Be2 Qb6 13. Nbd2 Rd8 14. Rc1 Bb7 15. Qb3 Rac8 16. Rfd1 h6 17. Qa2 Ba8 18. Qa1 Qb8 19. h3 Rd7 20. Nb3 Rxd1+ 21. Bxd1 Ne8 22. Nfd2 Bf6 23. Bxf6 Nxf6 24. Be2 Nd7 25. Nc5 Nxc5 26. Rxc5 Ne7 27. Qc3 Bb7 28. Nb3 Nd5 29. Qc2 Rxc5 30. Nxc5 Bc8 31. Bf3 Nb6 32. Qd3 Qc7 33. Bd1 Nd7 34. Bc2 Nf6 35. f4 Kf8 36. Qd4 Ke7 37. Bb3 Qd6 38. Qxd6+ Kxd6 39. e4 Nd7 40. e5+ Ke7 41. Ne4 Bb7 42. Nd6 Bc6 43. Nc8+ Kd8 44. Nd6 Ke7 45. Kf2 f6 46. Nc8+ Kd8 47. Nd6 Ke7 48. Nc8+ Kd8 49. Nd6 1/2-1/2

[Event "Oberliga Ost-B 0809"]
[Site "Germany"]
[Date "2009.03.15"]
[Round "9.4"]
[White "Wendling, Hannes"]
[Black "Guenther, Peter"]
[Result "1-0"]
[WhiteElo "2132"]
[BlackElo "2256"]
[PlyCount "69"]
[EventDate "2008.10.26"]
[EventType "team-tourn"]
[EventRounds "11"]
[EventCountry "GER"]
[SourceTitle "EXT 2010"]
[Source "ChessBase"]
[SourceDate "2010.11.25"]
[SourceVersion "1"]
[SourceVersionDate "2010.11.25"]
[SourceQuality "1"]
[WhiteTeam "Erfurt Empor"]
[BlackTeam "Frankfurt BvK"]
[WhiteTeamCountry "GER"]
[BlackTeamCountry "GER"]

1. e4 e6 2. d4 d5 3. Nc3 Bb4 4. e5 c5 5. a3 Bxc3+ 6. bxc3 Ne7 7. Qg4 0-0 8. Bd3 Nbc6 9. Qh5 Ng6 10. Nf3 Qc7 11. Be3 Nce7 12. 0-0 c4 13. Bxg6 fxg6 14. Qh3 Bd7 15. g4 h6 16. Nh4 g5 17. Ng2 Ng6 18. f4 gxf4 19. Bxf4 Qd8 20. Bxh6 gxh6 21. Qxh6 Be8 22. h4 Qe7 23. h5 Rxf1+ 24. Rxf1 Nf8 25. Rf6 Qg7 26. Qxg7+ Kxg7 27. Nf4 Bf7 28. g5 Nh7 29. Nxe6+ Kg8 30. Rh6 Re8 31. Nc7 Re7 32. g6 Nf8 33. gxf7+ Kg7 34. Nxd5 Rxf7 35. Rf6 1-0

[Event "Oberliga Ost-B 0809"]
[Site "Germany"]
[Date "2009.01.18"]
[Round "5.4"]
[White "Wendling, Hannes"]
[Black "Roosen, Holger"]
[Result "0-1"]
[WhiteElo "2132"]
[BlackElo "2212"]
[PlyCount "72"]
[EventDate "2008.10.26"]
[EventType "team-tourn"]
[EventRounds "11"]
[EventCountry "GER"]
[SourceTitle "EXT 2010"]
[Source "ChessBase"]
[SourceDate "2010.11.25"]
[SourceVersion "1"]
[SourceVersionDate "2010.11.25"]
[SourceQuality "1"]
[WhiteTeam "Erfurt Empor"]
[BlackTeam "Offenbach"]
[WhiteTeamCountry "GER"]
[BlackTeamCountry "GER"]

1. e4 g6 2. d4 Bg7 3. Nc3 c5 4. Be3 Qa5 5. Qd2 Nc6 6. Nge2 cxd4 7. Nxd4 Nf6 8. Nb3 Qd8 9. Be2 0-0 10. 0-0-0 d6 11. f3 Be6 12. Bh6 a5 13. a4 Qb6 14. Bxg7 Kxg7 15. Nb5 Rfc8 16. N3d4 Nb4 17. Nxe6+ fxe6 18. c3 Rc5 19. Kb1 Na6 20. Qd4 e5 21. Qe3 Rxb5 22. Qd2 Rc5 23. h4 Rac8 24. h5 Rxc3 25. hxg6 Rc2 26. Qh6+ Kh8 27. Bb5 Qf2 28. Ka1 Nc5 29. Rb1 Nb3+ 30. Ka2 Nd2 31. g7+ Kg8 32. Bd7 Kf7 33. Qh3 Kxg7 34. Bxc8 Qd4 35. f4 Qc4+ 36. Ka1 Nb3+ 0-1

[Event "Oberliga Ost-B 0809"]
[Site "Germany"]
[Date "2008.11.29"]
[Round "2.4"]
[White "Wendling, Hannes"]
[Black "Euler, Gerd"]
[Result "1/2-1/2"]
[WhiteElo "2132"]
[BlackElo "2351"]
[PlyCount "84"]
[EventDate "2008.10.26"]
[EventType "team-tourn"]
[EventRounds "11"]
[EventCountry "GER"]
[SourceTitle "EXT 2010"]
[Source "ChessBase"]
[SourceDate "2010.11.25"]
[SourceVersion "1"]
[SourceVersionDate "2010.11.25"]
[SourceQuality "1"]
[WhiteTeam "Erfurt Empor"]
[BlackTeam "Hungen Lich"]
[WhiteTeamCountry "GER"]
[BlackTeamCountry "GER"]

1. e4 e5 2. Nf3 Nc6 3. Bb5 f5 4. d3 fxe4 5. dxe4 Nf6 6. 0-0 d6 7. Qd3 Be7 8. Qc4 a6 9. Ng5 Rf8 10. Bxc6+ bxc6 11. Nc3 h6 12. Nf3 Qd7 13. Rd1 Ng4 14. h3 Rxf3 15. gxf3 Nf6 16. f4 exf4 17. e5 d5 18. exf6 Bxf6 19. Qxf4 Qxh3 20. Qe3+ Kf7 21. Qxh3 Bxh3 22. Bf4 Rb8 23. Rab1 Bf5 24. Rdc1 d4 25. Ne2 d3 26. Ng3 dxc2 27. Nxf5 cxb1Q 28. Rxb1 Rxb2 29. Rxb2 Bxb2 30. Bxc7 Ke6 31. Ne3 c5 32. Kf1 h5 33. Ke2 g5 34. Kd3 Be5 35. Bd8 h4 36. Bxg5 h3 37. Nf1 h2 38. Nxh2 Bxh2 39. Kc4 Kd6 40. Be3 Kc6 41. Bxc5 Bg1 42. Bd4 Bxf2 1/2-1/2

[Event "Dresden ZMD op"]
[Site "Dresden"]
[Date "2008.07.23"]
[Round "5"]
[White "Wendling, Hannes"]
[Black "Graf, Felix"]
[Result "0-1"]
[WhiteElo "2126"]
[BlackElo "2256"]
[PlyCount "82"]
[EventDate "2008.07.19"]
[EventType "swiss"]
[EventRounds "9"]
[EventCountry "GER"]
[SourceTitle "CBM 125 Extra"]
[Source "ChessBase"]
[SourceDate "2008.09.01"]
[SourceVersion "1"]
[SourceVersionDate "2008.09.01"]
[SourceQuality "1"]

1. e4 c5 2. Nf3 e6 3. d4 cxd4 4. Nxd4 Nc6 5. Nb5 d6 6. c4 Nf6 7. N1c3 a6 8. Na3 Be7 9. Be3 b6 10. Be2 Ne5 11. f3 Bb7 12. Qd2 Qc7 13. Rc1 h5 14. 0-0 h4 15. Na4 Ned7 16. b4 h3 17. g3 0-0 18. Qd4 Rab8 19. Rf2 e5 20. Qd3 Nh7 21. Nb1 f5 22. exf5 e4 23. fxe4 Ne5 24. Qc2 b5 25. Nac3 bxc4 26. Nd2 Nf6 27. Qd1 Rfd8 28. Bf4 Rbc8 29. a3 Qb6 30. Bxe5 dxe5 31. Qe1 Rd4 32. Nf3 Nxe4 33. Nxe4 Rxe4 34. Qf1 c3 35. Rc2 Re3 36. Kh1 Be4 37. Rc1 Qc6 38. Kg1 Qb6 39. Kh1 Bg5 40. Re1 Bxf3+ 41. Rxf3 Rxf3 0-1

[Event "GER-ch U18"]
[Site "Willingen"]
[Date "2008.05.17"]
[Round "9"]
[White "Farmani Anosheh, Armin"]
[Black "Wendling, Hannes"]
[Result "1/2-1/2"]
[WhiteElo "2168"]
[BlackElo "2127"]
[PlyCount "51"]
[EventDate "2008.05.11"]
[EventType "swiss"]
[EventRounds "9"]
[EventCountry "GER"]
[SourceTitle "CBM 124 Extra"]
[Source "ChessBase"]
[SourceDate "2008.07.03"]
[SourceVersion "1"]
[SourceVersionDate "2008.07.03"]
[SourceQuality "1"]

1. d4 d5 2. c4 e6 3. Nc3 Nf6 4. cxd5 exd5 5. Bg5 Nbd7 6. e3 Be7 7. Bd3 c6 8. Nge2 h6 9. Bf4 Nh5 10. Bg3 0-0 11. Qc2 a6 12. 0-0 Nxg3 13. Nxg3 Bd6 14. Rab1 Nf6 15. b4 Ng4 16. Be2 Qh4 17. Bxg4 Qxg4 18. Qe2 Qg6 19. a4 Bg4 20. f3 Bxg3 21. fxg4 Bh4 22. Rf5 Rfe8 23. e4 dxe4 24. Nxe4 Qe6 25. Re5 Qd7 26. Rd1 1/2-1/2

[Event "Thueringen-ch"]
[Site "Finsterbergen"]
[Date "2008.03.23"]
[Round "8"]
[White "Wehner, Janis"]
[Black "Wendling, Hannes"]
[Result "1/2-1/2"]
[WhiteElo "2184"]
[BlackElo "2125"]
[PlyCount "20"]
[EventDate "2008.03.19"]
[EventType "swiss"]
[EventRounds "9"]
[EventCountry "GER"]
[SourceTitle "CBM 123 Extra"]
[Source "ChessBase"]
[SourceDate "2008.05.06"]
[SourceVersion "1"]
[SourceVersionDate "2008.05.06"]
[SourceQuality "1"]

1. e4 c5 2. Nf3 d6 3. d4 cxd4 4. Nxd4 Nf6 5. Nc3 a6 6. Be3 e5 7. Nb3 Be6 8. f3 Be7 9. Qd2 Nbd7 10. 0-0-0 0-0 1/2-1/2

[Event "Thueringen-ch"]
[Site "Finsterbergen"]
[Date "2008.03.20"]
[Round "2"]
[White "Welde, Kevin"]
[Black "Wendling, Hannes"]
[Result "0-1"]
[WhiteElo "1842"]
[BlackElo "2125"]
[PlyCount "64"]
[EventDate "2008.03.19"]
[EventType "swiss"]
[EventRounds "9"]
[EventCountry "GER"]
[SourceTitle "CBM 123 Extra"]
[Source "ChessBase"]
[SourceDate "2008.05.06"]
[SourceVersion "1"]
[SourceVersionDate "2008.05.06"]
[SourceQuality "1"]

1. Nf3 d5 2. d4 Nf6 3. c4 e6 4. a3 c6 5. cxd5 exd5 6. Bg5 h6 7. Bh4 g5 8. Bg3 Ne4 9. Nbd2 h5 10. Be5 f6 11. Bxb8 Rxb8 12. e3 Bf5 13. Nxe4 dxe4 14. Nd2 Bg6 15. Qa4 a6 16. Rd1 Kf7 17. Qc2 f5 18. Nb3 Kg7 19. Bc4 Bd6 20. Qc3 Qf6 21. Be2 Kh6 22. Nc5 Rhd8 23. Na4 Rbc8 24. b4 f4 25. Nc5 Rc7 26. Bc4 Re7 27. Qd2 h4 28. g3 Bh5 29. Be2 Bf3 30. Rg1 fxg3 31. hxg3 h3 32. Bxf3 Qxf3 0-1